000
00295nam a22000977a 4500
008
240726b |||||||| |||| 00| 0 eng d
040
_a
National Science Library
_c
National Science Library
245
_a
Chemisches zentralblatt
260
_a
Berlin:
_b
Akademie-Verlag GMBH,
_c
1969
942
_2
udc
_c
BK
999
_c
64852
_d
64852